Rumpelstilskin

Bibliographic Details
Format: Book
Published: New Delhi : Sterling , 2010
Series:The Reading Ladder
Subjects:

MARC

LEADER 00000cam a2200000 7i4500
001 0000049680
005 20150702.0
008 150702
020 |a 9788120756588 
090 0 0 |a CT   |b ENG 
245 1 0 |a Rumpelstilskin 
260 |a New Delhi :   |b Sterling ,   |c 2010 
300 |a Col.ill 
490 1 |a The Reading Ladder 
650 0 |a English Fiction 
999 |a 0001263746   |b Book   |c Teenagers   |e Cawangan Bandar Tenggara 
999 |a 0001263748   |b Book   |c Children Collection   |e Cawangan Bandar Penawar 
999 |a 0001263750   |b Book   |c Children Collection   |e Cawangan Taman Sri Lambak 
999 |a 0001263754   |b Book   |c Children Collection   |e Cawangan Segamat 
999 |a 0001282259   |b Book   |c Children Collection   |e Cawangan Tmn. Ungku Tun Aminah 
999 |a 0001282260   |b Book   |c Children Collection   |e Cawangan Pontian